| 000 | 00552nam a22001817a 4500 | ||
|---|---|---|---|
| 003 | OSt | ||
| 005 | 20230118142852.0 | ||
| 008 | 221006b |||||||| |||| 00| 0 eng d | ||
| 040 | _cBiblioteca Lado V | ||
| 082 |
_a779.943 _bP943p |
||
| 130 |
_9572 _aPaisajeando _lesp |
||
| 245 | _aPaisajeando/ | ||
| 300 |
_a42p. _c24x17cm |
||
| 650 |
_2Tesauro de Arte & Arquitectura _aFOTOGRAFIA |
||
| 650 |
_2Tesauro de Arte & Arquitectura _aPASAJES |
||
| 650 |
_2Tesauro de Arte & Arquitectura _aCEPIA |
||
| 942 |
_2ddc _c1 _h779.943 _iP149p _n0 |
||
| 999 |
_c2828 _d2828 |
||